<?xml version="1.0" encoding="UTF-8"?><?xml-stylesheet type="text/xsl" href="static/style.xsl"?><OAI-PMH xmlns="http://www.openarchives.org/OAI/2.0/" xmlns:xsi="http://www.w3.org/2001/XMLSchema-instance" xsi:schemaLocation="http://www.openarchives.org/OAI/2.0/ http://www.openarchives.org/OAI/2.0/OAI-PMH.xsd"><responseDate>2026-04-13T07:35:54Z</responseDate><request verb="GetRecord" identifier="oai:www.recercat.cat:2072/475866" metadataPrefix="marc">https://recercat.cat/oai/request</request><GetRecord><record><header><identifier>oai:recercat.cat:2072/475866</identifier><datestamp>2025-05-08T15:35:01Z</datestamp><setSpec>com_2072_98</setSpec><setSpec>col_2072_378192</setSpec></header><metadata><record xmlns="http://www.loc.gov/MARC21/slim" xmlns:dcterms="http://purl.org/dc/terms/" xmlns:xsi="http://www.w3.org/2001/XMLSchema-instance" xmlns:doc="http://www.lyncode.com/xoai" xsi:schemaLocation="http://www.loc.gov/MARC21/slim http://www.loc.gov/standards/marcxml/schema/MARC21slim.xsd">
   <leader>00925njm 22002777a 4500</leader>
   <datafield ind2=" " ind1=" " tag="042">
      <subfield code="a">dc</subfield>
   </datafield>
   <datafield ind2=" " ind1=" " tag="720">
      <subfield code="a">Moura-Coelho, Nuno</subfield>
      <subfield code="e">author</subfield>
   </datafield>
   <datafield ind2=" " ind1=" " tag="720">
      <subfield code="a">Arrondo, Elena</subfield>
      <subfield code="e">author</subfield>
   </datafield>
   <datafield ind2=" " ind1=" " tag="720">
      <subfield code="a">Papa-Vettorazzi, Mario Renato</subfield>
      <subfield code="e">author</subfield>
   </datafield>
   <datafield ind2=" " ind1=" " tag="720">
      <subfield code="a">Cunha, João Paulo</subfield>
      <subfield code="e">author</subfield>
   </datafield>
   <datafield ind2=" " ind1=" " tag="720">
      <subfield code="a">Güell, Jose</subfield>
      <subfield code="e">author</subfield>
   </datafield>
   <datafield ind2=" " ind1=" " tag="260">
      <subfield code="c">2022</subfield>
   </datafield>
   <datafield ind2=" " ind1=" " tag="520">
      <subfield code="a">To report a case of Descemet membrane endothelial keratoplasty (DMEK) for the management of post-laser in situ keratomileusis (LASIK) interface fluid syndrome (IFS) secondary to failed Descemet stripping automated endothelial keratoplasty (DSAEK) graft, and to provide a literature review on endothelial keratoplasty (EK) for this indication. A 52-year-old patient presented with LASIK interface fluid accumulation and a non-functioning primary DSAEK graft. Past ophthalmic history was relevant for: (1) phakic intraocular lens (PIOL) implantation with later refinement by LASIK; (2) combined PIOL explantation and refractive lens exchange due to accelerated endothelial cell loss (ECL); (3) primary DSAEK due to corneal decompensation. A secondary EK graft (DMEK) was performed, and the patient was prospectively followed for 6 months (M6). DMEK surgery was uneventful, without postoperative graft detachment. Corneal clearing and resolution of interface fluid accumulation occurred during the first postoperative month. Best-corrected visual acuity (BCVA) improved from 20/800 Snellen to 20/25 Snellen at 3-month follow-up, remaining stable at M6. Due to a persistent rise in intraocular pressure (IOP), the patient underwent uneventful non-penetrating deep sclerectomy 2 months after DMEK, with controlled IOP and without accelerated ECL. DMEK is feasible, effective, and safe in the management of IFS in cases where corneal endothelial failure plays a major role, even in complex eyes with previous EK grafts. Aggressive postoperative IOP control is warranted to decrease the risk of interface fluid recurrence and damage to the optic nerve. Studies with larger patient numbers are encouraged to ascertain the role of EK for this indication.</subfield>
   </datafield>
   <datafield tag="653" ind2=" " ind1=" ">
      <subfield code="a">DMEK</subfield>
   </datafield>
   <datafield tag="653" ind2=" " ind1=" ">
      <subfield code="a">DMEK, Descemet membrane endothelial keratoplasty</subfield>
   </datafield>
   <datafield tag="653" ind2=" " ind1=" ">
      <subfield code="a">Descemet membrane endothelial keratoplasty</subfield>
   </datafield>
   <datafield tag="653" ind2=" " ind1=" ">
      <subfield code="a">Endothelial keratoplasty</subfield>
   </datafield>
   <datafield tag="653" ind2=" " ind1=" ">
      <subfield code="a">IOP</subfield>
   </datafield>
   <datafield tag="653" ind2=" " ind1=" ">
      <subfield code="a">Intraocular pressure</subfield>
   </datafield>
   <datafield tag="653" ind2=" " ind1=" ">
      <subfield code="a">Interface fluid syndrome</subfield>
   </datafield>
   <datafield tag="653" ind2=" " ind1=" ">
      <subfield code="a">LASIK</subfield>
   </datafield>
   <datafield tag="653" ind2=" " ind1=" ">
      <subfield code="a">LASIK, LASER in situ keratomileusis</subfield>
   </datafield>
   <datafield tag="653" ind2=" " ind1=" ">
      <subfield code="a">Laser in situ keratomileusis</subfield>
   </datafield>
   <datafield ind2="0" ind1="0" tag="245">
      <subfield code="a">DMEK for the treatment of interface fluid syndrome secondary to failed DSAEK graft : A case report and review of the literature</subfield>
   </datafield>
</record></metadata></record></GetRecord></OAI-PMH>